Emociones de una línea /

Guardado en:
Autor Principal: Cottin, Menena
Formato: Libro
Publicado: Córdoba [argentina] : Comunic-arte, 2013
Materias:
Etiquetas: Agregar Etiqueta
Sin Etiquetas, Sea el primero en etiquetar este registro!
LEADER 00906nam a22002655a 4500
001 CEM.cems015390
008 130507s2013##################000#0#####d
005 20250409144848.0
245 1 0 |a Emociones de una línea /  |c Menena Cottin. 
260 |a Córdoba [argentina] :  |b Comunic-arte,  |c 2013 
300 |a 24 p. 
500 |a Edición en Español y Braille. 
020 |a 9789876022255 
100 1 |a Cottin, Menena 
082 0 4 |a V868.4 
653 |a Literatura 
653 |a Literatura venezolana 
653 |a Literatura infantil 
653 |a Cuentos infantiles 
653 |a Colección ciencias de la educación 
653 |a Braille 
653 |a Libro Álbum 
859 |a CEMS  |b BIB. CEMS - Ccias. Educacion  |h V868.4  |i C828-1  |k CE  |p 28742.19  |t Ej.1 
859 |a CEMS  |b BIB. CEMS - Inicial y Primaria  |h V868.4  |i C828  |k IP  |p 3914  |t Ej.1 
859 |a CEMS  |b BIB. CEMS - Ccias. Educacion  |h V868.4  |i C828-1  |k CE  |p 28743.19  |t Ej.2